| 000 | 00353nam a2200133Ia 4500 | ||
|---|---|---|---|
| 008 | 240624s9999 xx 000 0 und d | ||
| 041 | _aeng | ||
| 082 | _a658.45 AND | ||
| 100 | _aANDREWS PATRICIA HAYES | ||
| 245 | _aORGANIZATIONAL COMMUNICATION EMPOWERMENT | ||
| 260 |
_c1998 _aDelhi _bA.I.T.B.S. |
||
| 300 | _axviii, : 359 : P. : CM. ; 25 | ||
| 365 | _cRS | ||
| 999 |
_c1483 _d1483 |
||